000 00659 a2200229 4500
005 20250923104317.0
020 _a11 Of 2019
050 0 0 _aKTZ 333
_bMAG 2019
110 _aLegal Resources Foundation,Zimbabwe
245 0 0 _aMagistrates Court (CIVIL) Rules,2018 /
264 _aHarare :
_bGoverment Printer,
_c2019
300 _a248 pages
336 _atext
_btxt
_2rdacontent
337 _aunmediated
_bn
_2rdamedia
338 _avolume
_bnc
_2rdacarrier
500 _aCover title.
650 0 _aCourt rules
650 0 _aCourt rules
650 0 _aCivil procedure
710 2 _aLegal Resources Foundation (Zimbabwe)
942 _2lcc
_cREF
_h333
_iMAG
_kKTZ
999 _c11652
_d11652